Art Technology Sources and Methods Proceedings of the second szmposium of the art technological source research working group
Gespeichert in:
| Weitere Verfasser: | |
|---|---|
| Format: | Buch |
| Sprache: | Englisch |
| Veröffentlicht: |
London
Archetype
2008
|
| Schlagworte: | |
| Online-Zugang: | Im OPAC anzeigen |
| Tags: |
Keine Tags, Fügen Sie das erste Tag hinzu!
|
MARC
| LEADER | 00000nam a2200000 a 4500 | ||
|---|---|---|---|
| 005 | 20260127134247.0 | ||
| 008 | 081215 2008 enk 000 0 eng d | ||
| 020 | |a 9781904982296 | ||
| 035 | |a vtls009455387 | ||
| 039 | 9 | |y 200812151406 |z mschk03 | |
| 040 | |a STUSCHK1 |b slo |c STUSCHK1 |e AACR2 | ||
| 080 | |a 702.8 | ||
| 245 | 1 | |a Art Technology Sources and Methods |b Proceedings of the second szmposium of the art technological source research working group |c Stefanos Kroustallis...[et al.] | |
| 260 | |a London |b Archetype |c 2008 | ||
| 300 | |a xiv, 183 p. |b ill. |c 30 cm | ||
| 650 | 0 | |a art |x technique |v congresses | |
| 650 | 0 | |a art technology |v congresses | |
| 700 | 1 | |a Kraustallis, Stefanos | |
| 910 | |a SCHK95 | ||
| 919 | |a 978-1-904982-29-6 | ||
| 999 | |c 8103 |d 8103 | ||